<?xml version="1.0" encoding="UTF-8"?>
<record
    xmlns:xsi="http://www.w3.org/2001/XMLSchema-instance"
    xsi:schemaLocation="http://www.loc.gov/MARC21/slim http://www.loc.gov/standards/marcxml/schema/MARC21slim.xsd"
    xmlns="http://www.loc.gov/MARC21/slim">

  <leader>01695nam a2200301 a 4500</leader>
  <controlfield tag="001">000012893</controlfield>
  <controlfield tag="005">20200929163108.0</controlfield>
  <controlfield tag="008">091118s2005    dr abc        000 0 spa d</controlfield>
  <datafield tag="020" ind1=" " ind2=" ">
    <subfield code="a">9945110586 (v. 1)</subfield>
  </datafield>
  <datafield tag="020" ind1=" " ind2=" ">
    <subfield code="a">9945110284 (v. 4)</subfield>
  </datafield>
  <datafield tag="040" ind1=" " ind2=" ">
    <subfield code="a">DO-SdBNP</subfield>
    <subfield code="b">spa</subfield>
    <subfield code="c">BNPHU</subfield>
  </datafield>
  <datafield tag="082" ind1=" " ind2=" ">
    <subfield code="a">xxxx</subfield>
    <subfield code="b">xxxx</subfield>
  </datafield>
  <datafield tag="245" ind1="0" ind2="0">
    <subfield code="a">Sociedad :</subfield>
    <subfield code="b">educaci&#xF3;n media /</subfield>
    <subfield code="c">Fanny Capell&#xE1;n Almonte... [et al] ; direcci&#xF3;n editorial Obdulia Garc&#xED;a de Escobar; ilustraci&#xF3;n Ruddy N&#xFA;&#xF1;ez.</subfield>
  </datafield>
  <datafield tag="260" ind1=" " ind2=" ">
    <subfield code="a">Santo Domingo :</subfield>
    <subfield code="b">Santillana,</subfield>
    <subfield code="c">2005.</subfield>
  </datafield>
  <datafield tag="300" ind1=" " ind2=" ">
    <subfield code="a">4 v. :</subfield>
    <subfield code="b">il., maps., retrs. ;</subfield>
    <subfield code="c">28 cm.</subfield>
  </datafield>
  <datafield tag="490" ind1="1" ind2=" ">
    <subfield code="a">&#xC1;mbar</subfield>
  </datafield>
  <datafield tag="500" ind1=" " ind2=" ">
    <subfield code="a">Educaci&#xF3;n media</subfield>
  </datafield>
  <datafield tag="500" ind1=" " ind2=" ">
    <subfield code="a">La biblioteca solamente posee los volumenes 1 y 4.</subfield>
  </datafield>
  <datafield tag="505" ind1="0" ind2=" ">
    <subfield code="g">v. 1 :</subfield>
    <subfield code="g">Historia y geograf&#xED;a universal --</subfield>
    <subfield code="g">unidad 1 --</subfield>
    <subfield code="t">La historia y el origen de la humanidad --</subfield>
    <subfield code="g">unidad 2 --</subfield>
    <subfield code="t">Primeras civilizaciones. Oriente y Occidente --</subfield>
    <subfield code="g">unidad 3 --</subfield>
    <subfield code="t">Del feudalismo al capitalismo --</subfield>
    <subfield code="g">unidad 4 --</subfield>
    <subfield code="t">El mundo contempor&#xE1;neo --</subfield>
    <subfield code="g">unidad 5 --</subfield>
    <subfield code="t">Geograf&#xED;a --</subfield>
    <subfield code="g">unidad 6 --</subfield>
    <subfield code="t">Geograf&#xED;a humana /</subfield>
    <subfield code="r">Fanny Capell&#xE1;n Almonte --</subfield>
    <subfield code="r">Ignacio Aybar --</subfield>
  </datafield>
  <datafield tag="505" ind1="0" ind2=" ">
    <subfield code="g">v. 4 :</subfield>
    <subfield code="g">Rep&#xFA;blica Dominicana hoy --</subfield>
    <subfield code="g">unidad 1 --</subfield>
    <subfield code="t">Las luchas democr&#xE1;ticas y procesos pol&#xED;ticos --</subfield>
    <subfield code="g">unidad 2 --</subfield>
    <subfield code="t">Pol&#xED;tica y sociedad despu&#xE9;s de 1965 --</subfield>
    <subfield code="g">unidad 3 --</subfield>
    <subfield code="t">El espacio econ&#xF3;mico y poblaci&#xF3;n --</subfield>
    <subfield code="g">unidad 4 --</subfield>
    <subfield code="t">La Rep&#xFA;blica Dominicana y la globalizaci&#xF3;n /</subfield>
    <subfield code="r">Quisqueya Lora H. --</subfield>
    <subfield code="r">Marcos Morales --</subfield>
    <subfield code="r">Ignacio Aybar --</subfield>
  </datafield>
  <datafield tag="700" ind1="1" ind2=" ">
    <subfield code="a">Capell&#xE1;n Almonte, Fanny</subfield>
    <subfield code="9">29766</subfield>
  </datafield>
  <datafield tag="700" ind1="1" ind2=" ">
    <subfield code="a">Aybar, Ignacio</subfield>
    <subfield code="9">29767</subfield>
  </datafield>
  <datafield tag="700" ind1="1" ind2=" ">
    <subfield code="a">Lora H., Quisqueya</subfield>
    <subfield code="9">29768</subfield>
  </datafield>
  <datafield tag="700" ind1="1" ind2=" ">
    <subfield code="a">Morales, Marcos</subfield>
    <subfield code="9">29769</subfield>
  </datafield>
  <datafield tag="700" ind1="1" ind2=" ">
    <subfield code="a">N&#xFA;&#xF1;ez, Ruddy</subfield>
    <subfield code="e">il.</subfield>
    <subfield code="9">23171</subfield>
  </datafield>
  <datafield tag="700" ind1="1" ind2=" ">
    <subfield code="a">Garca Escobar, Obdulia,</subfield>
    <subfield code="e">dir. ed.</subfield>
    <subfield code="9">29770</subfield>
  </datafield>
  <datafield tag="830" ind1=" " ind2="0">
    <subfield code="a">&#xC1;mbar</subfield>
    <subfield code="9">6599</subfield>
  </datafield>
  <datafield tag="952" ind1=" " ind2=" ">
    <subfield code="0">0</subfield>
    <subfield code="1">0</subfield>
    <subfield code="7">1</subfield>
    <subfield code="8">PD</subfield>
    <subfield code="a">PD</subfield>
    <subfield code="b">PD</subfield>
    <subfield code="c">CT</subfield>
    <subfield code="d">2009-11-18</subfield>
    <subfield code="i">LF1</subfield>
    <subfield code="l">0</subfield>
    <subfield code="o">xxxx xxxx</subfield>
    <subfield code="p">12893-10</subfield>
    <subfield code="r">2020-06-25</subfield>
    <subfield code="w">2020-06-25</subfield>
    <subfield code="y">LFPD</subfield>
    <subfield code="Z">No se presta</subfield>
  </datafield>
  <datafield tag="999" ind1=" " ind2=" ">
    <subfield code="c">12541</subfield>
    <subfield code="d">12541</subfield>
  </datafield>
</record>
